Vyšetření cystatinu-C v séru a jeho využití k předpovědi glomerulární filtrace

Bibliographic Details
Main Authors: Horalík, D. (Author), Stejskal, D. (Author), Bartek, J. (Author), Franková, M. (Author), Růžička, V. (Author)
Format: Article
Language:Czech

MARC

LEADER 00000nab a2200000uu 4500
001 vtls011150267
003 SK-MaSNL
005 20260303121130.0
008 230131|1998 xo |||||||||||||||||cze|
015 |a SNBRB 
035 |a (urnnbn)urn:nbn:sk:snk:ar-a09zwl 
035 |a (uuid)fc16dec5-79a6-4e79-bc89-0ade48b047fa 
035 |a urn:nbn:sk:snk-abazyk 
040 |a SNKBUCL  |b slo  |c SNKBUCL  |e AACR2 
041 0 |a cze 
044 |a xo  |c SK 
100 1 |a Horalík, D.  |4 aut  |9 1134000 
245 1 0 |a Vyšetření cystatinu-C v séru a jeho využití k předpovědi glomerulární filtrace  |c D. Horalík, D. Stejskal, J. Bartek, M. Franková, V. Růžička 
700 1 |a Stejskal, D.  |4 aut  |9 792991 
700 1 |a Bartek, J.  |4 aut  |9 470230 
700 1 |a Franková, M.  |4 aut  |9 629336 
700 1 |a Růžička, V.  |4 aut  |9 377156 
773 0 |t Vnitřní lékařství : časopis Internistické sekce Československé lékařské společnosti J. E. Purkyně  |g Roč. 44, č. 9 (1998), s. 555-557 
954 |a odborná, vedecká literatúra cudzojazyčná (svetová)  |2 lita 
958 |a OND 
958 |a EUIPO 
958 |a article14 
999 |c 1913821  |d 1915751